| 000 | 00000nam 2200000za 4500 |
| 001 | 9.839642 |
| 003 | CaOODSP |
| 005 | 20221107151642 |
| 007 | cr ||||||||||| |
| 008 | 170713s2010 mbco |o f000 0 eng d |
| 040 | |aCaOODSP|beng |
| 043 | |an-cn--- |
| 086 | |aIR4-10/2010E-PDF |
| 245 | 00|aFor the child taken, for the parent left behind |h[electronic resource]. |
| 260 | |a[Winnipeg] : |bTruth and Reconciliation Commission of Canada,|c[2010] |
| 300 | |a[12] p. : |bphotographs. |
| 500 | |aIssued also in French under title: Pour l'enfant déraciné, pour le parent oublié. |
| 692 | 07|2gccst|aAboriginal peoples |
| 692 | 07|2gccst|aResidential schools |
| 710 | 1 |aCanada.|bTruth and Reconciliation Commission of Canada. |
| 775 | 08|tPour l'enfant déraciné, pour le parent oublié |w(CaOODSP)9.839645 |
| 856 | 40|qPDF|s939 KB|uhttps://publications.gc.ca/collections/collection_2017/cvrc-trcc/IR4-10-2010-eng.pdf |